000 01236nam a2200337 a 4500
999 _c400382
_d400382
003 BLK
005 20250623111636.0
008 201128b bu |||||r|||| 00| | bu d
020 _a9786192460372
040 _aBLK
041 _aBUL
_cBUL
080 _aХигиена. Лично здраве. Вж и 614 ; 616-083
_b613
_z613
100 _9442898
_aКабрера, Алейкс
_eпърви автор
139 _aКабрера, Алейкс
_bК 12
245 _aБет и хигиената
_cАлейкс Кабрера; ил. Роса М. Курто ; прев. Ива Костадинова.
257 _aBGR
260 _9402164
_aСофия
_bРобертино
_c2020
300 _a36 с. : с ил.
_c24 см
380 _aDN
490 _9442901
_aПоредица за здравословни навици
653 7 _9199896
_aхигиена
700 _9442899
_aКурто, Роса М.
_eил.
700 _aКостадинова, Ива Георгиева
_d1981-
_9337774
852 _aЦб 311546
_bЦб
942 _cKNG
_n0
_s1
_028
944 _aCR
_k30551
_lБояна Костадинова
944 _aED
_kХристина Везирева
999 _d400382
999 _d400382
999 _d391820